• 首页
  • 本馆介绍
  • 公告通知
  • 最新文献
  • 馆藏检索
  • 电子资源
  • 读者导购
  • 参考咨询
  • 我的图书馆
  • 登录
  • 详细信息显示
  • 放入我的书架
  • 预约/预借图书
  • 作者相关作品
  • 分类相关作品
  • 丛书相关作品
  • 出版社相关作品

书目信息

  • 表格格式
  • 工作单格式
  • 卡片格式
题名:
越玩越爱玩的实验趣味游戏
    
 
作者: 武庆新
分册:  
出版信息: 北京   北京工业大学出版社  2014.10
页数: 258页
开本: 26cm
丛书名:
单 册:
中图分类: N33-49
科图分类:
主题词: 自然科学--研究方法
电子资源:
ISBN: 978-7-5639-4041-7
000 00624nam0 2200205 450
001 928
005 20160909102738.73
010    @a978-7-5639-4041-7@b平装@dCNY30.00
100    @a20160724d2014 km y0chiy0120 ea
101 0  @achi
102    @aCN@b110000
200 1  @a越玩越爱玩的实验趣味游戏@Ayue wan yue ai wan de shi yan qu wei you xi@f武庆新@Fwu qing xin
210    @a北京@c北京工业大学出版社@d2014.10
215    @a258页@d26cm
330    @a科学实验·青少年读物
606 0  @a自然科学@x研究方法
690    @aN33-49@v4
701  0 @a武庆新@Awu qing xin
801  0 @aCN@b唐山师范学院图书馆@c20160724
905    @aZUCC@dN33-49@e100
    
    越玩越爱玩的实验趣味游戏/武庆新.-北京:北京工业大学出版社,2014.10
    258页;26cm
    
    
    ISBN 978-7-5639-4041-7(平装):CNY30.00
    科学实验·青少年读物
●
相关链接 在E读中查询图书 在五车中查询图书 在当当中查询图书 在豆瓣中查询图书


正题名:越玩越爱玩的实验趣味游戏     索取号:N33-49/100         预约/预借

序号 登录号 条形码 馆藏地/架位号 状态 备注
1 904174   209041749   第二样本阅览室/ [索取号:N33-49/100] 在馆    
2 904175   209041758   第三借阅区/ [索取号:N33-49/100] 在馆    
3 904176   209041767   第三借阅区/ [索取号:N33-49/100] 在馆    
唐山师范学院图书馆 欢迎您!
大连网信软件有限公司© 版权所有